| 000 | 00424 a2200157 4500 | ||
|---|---|---|---|
| 003 | NUST | ||
| 005 | 20230210104019.0 | ||
| 040 | _cNust | ||
| 082 | _a070,KHO | ||
| 100 |
_aKhursheed, Abdul Salam _9108872 |
||
| 245 |
_aFan-e-Sahafat فن صحا فت (Urdu) / _cDr. Abdul Salam Khursheed |
||
| 260 |
_aLahore _bMukitaba Karwan _c2008 |
||
| 300 | _a342:p. | ||
| 650 |
_a Journlism (Urdu) _9108873 |
||
| 942 |
_2ddc _cBK _k070,KHU |
||
| 999 |
_c188126 _d188126 |
||